[Event "Interclubs Adultes"]
[Site "GUINGAMP"]
[Date "24.??.??"]
[Round "2.5"]
[White "Rihouay, Clement"]
[Black "Saada, Julien"]
[Result "0-1"]
[WhiteElo "2185"]
[BlackElo "2257"]
[PlyCount "66"]
[EventDate "24.??.??"]
[WhiteTeam "C.E. Nantes"]
[BlackTeam "Migné-Auxances"]

1. e4 c6 2. d4 d5 3. Nc3 dxe4 4. Nxe4 Bf5 5. Ng3 Bg6 6. h4 h6 7. Nf3 Nd7 8. h5
Bh7 9. Bd3 Bxd3 10. Qxd3 Qc7 11. Bd2 Ngf6 12. O-O-O e6 13. Ne4 O-O-O 14. Kb1
Nxe4 15. Qxe4 Nf6 16. Qe2 Bd6 17. c4 c5 18. Bc3 cxd4 19. Nxd4 a6 20. Nb3 Qc6
21. g3 Bc7 22. Rhe1 Rxd1+ 23. Rxd1 Rd8 24. Bxf6 Rxd1+ 25. Qxd1 gxf6 26. Qg4 Bd8
27. Nc1 f5 28. Qd4 Qf3 29. Qc5+ Kb8 30. Qd6+ Bc7 31. Qf8+ Ka7 32. Qxf7 Qe4+ 33.
Ka1 Qc2 0-1

[Event "Interclubs Adultes"]
[Site "GUINGAMP"]
[Date "24.??.??"]
[Round "2.6"]
[White "Picard, Clement"]
[Black "Grill, Marc"]
[Result "1-0"]
[WhiteElo "2185"]
[BlackElo "2151"]
[PlyCount "55"]
[EventDate "24.??.??"]
[WhiteTeam "Migné-Auxances"]
[BlackTeam "C.E. Nantes"]

1. e4 c5 2. Nf3 g6 3. Nc3 Bg7 4. g3 Nc6 5. Bg2 d6 6. O-O e6 7. d3 Nge7 8. Be3
Nd4 9. Ne1 O-O 10. Qd2 Rb8 11. Bh6 b5 12. Nd1 b4 13. Bxg7 Kxg7 14. Ne3 e5 15.
f4 f6 16. c3 bxc3 17. bxc3 Ndc6 18. N1c2 Ba6 19. f5 g5 20. h4 h6 21. Ng4 Rb2
22. Rf2 Ng8 23. Qc1 Qb6 24. Nce3 Rxf2 25. Nxf2 Rb8 26. Qd1 Qb2 27. Rc1 Qxa2 28.
Ra1 1-0

[Event "Interclubs Adultes"]
[Site "GUINGAMP"]
[Date "24.??.??"]
[Round "2.7"]
[White "Martinez, Jean-Philippe"]
[Black "Borzakian, Manouk"]
[Result "0-1"]
[WhiteElo "2077"]
[BlackElo "2223"]
[PlyCount "92"]
[EventDate "24.??.??"]
[WhiteTeam "C.E. Nantes"]
[BlackTeam "Migné-Auxances"]

1. Nf3 d6 2. d4 g6 3. e4 Nf6 4. Nc3 Bg7 5. h3 O-O 6. Be3 a6 7. a4 d5 8. e5 Ne4
9. Bd3 Nxc3 10. bxc3 c5 11. h4 h5 12. Ng5 Qa5 13. Qd2 Nc6 14. f4 cxd4 15. cxd4
Qxd2+ 16. Kxd2 f6 17. Nf3 fxe5 18. fxe5 Bf5 19. Rab1 Na5 20. Rb6 Rac8 21. Rhb1
Nc4+ 22. Bxc4 Rxc4 23. R1b2 Rfc8 24. Ne1 Rxa4 25. Rxb7 Rac4 26. Rxe7 Bf8 27.
Ra7 Bb4+ 28. Kd1 a5 29. Ra6 R8c7 30. Nd3 Bg4+ 31. Kc1 Ba3 32. Rxg6+ Kh7 33.
Rh6+ Kg7 34. Kb1 Bxb2 35. Nxb2 Rxc2 36. Rb6 Bf5 37. Ka2 Rxg2 38. Bh6+ Kh7 39.
Bg5 Rcc2 40. Ka3 Rc3+ 41. Ka2 Bd3 42. Rb7+ Kg6 43. Rb6+ Kf5 44. Rf6+ Kg4 45.
Rf4+ Kg3 46. Ka1 Ra3# 0-1

[Event "Interclubs Adultes"]
[Site "GUINGAMP"]
[Date "24.??.??"]
[Round "2.8"]
[White "Boulan, Laura"]
[Black "Marchadour, Claire"]
[Result "0-1"]
[WhiteElo "1895"]
[BlackElo "2064"]
[PlyCount "80"]
[EventDate "24.??.??"]
[WhiteTeam "Migné-Auxances"]
[BlackTeam "C.E. Nantes"]

1. e4 c5 2. c3 d5 3. exd5 Qxd5 4. d4 g6 5. Nf3 Bg7 6. Na3 a6 7. Bc4 Qe4+ 8. Be3
Nh6 9. dxc5 O-O 10. O-O Qc6 11. Re1 Nf5 12. Qd2 Nxe3 13. Qxe3 e6 14. Rad1 Nd7
15. b4 Qa4 16. Nb1 a5 17. Bb3 Qc6 18. Nd4 Qc7 19. Nb5 Qb8 20. Nd6 Ne5 21. a4
Bd7 22. b5 h5 23. h3 Bc8 24. Qd2 Qc7 25. f4 Nd7 26. Nxc8 Nxc5 27. Bc2 Raxc8 28.
Qf2 Rfd8 29. Kh1 Nd7 30. Rd3 Nf6 31. Rxd8+ Rxd8 32. Bb3 Nd5 33. Re4 Bh6 34. g3
Bg7 35. Qf3 Qd7 36. Re1 Qc7 37. Rd1 Nf6 38. Rxd8+ Qxd8 39. Qxb7 Qd3 40. Qg2
Qxb1+ 0-1

[Event "Interclubs Adultes"]
[Site "GUINGAMP"]
[Date "24.??.??"]
[Round "2.1"]
[White "David, Vincent"]
[Black "Le Roux, Jean-Pierre"]
[Result "0-1"]
[WhiteElo "2396"]
[BlackElo "2477"]
[PlyCount "52"]
[EventDate "24.??.??"]
[WhiteTeam "Niort"]
[BlackTeam "Guingamp"]

1. d4 Nf6 2. c4 g6 3. Nc3 d5 4. cxd5 Nxd5 5. Bd2 Nb6 6. Nf3 Bg7 7. e3 O-O 8.
Rc1 N8d7 9. e4 c5 10. d5 Ne5 11. Nxe5 Bxe5 12. Be3 e6 13. Bxc5 exd5 14. Bxf8
Qxf8 15. exd5 Qb4 16. Bd3 Bg4 17. Qb3 Qf4 18. Rc2 Bxc3+ 19. Qxc3 Nxd5 20. Qd2
Re8+ 21. Kf1 Ne3+ 22. Kg1 Nxg2 23. h3 Bf3 24. Bf1 Qxd2 25. Rxd2 Nf4 26. Bc4
Re1+ 0-1

[Event "Interclubs Adultes"]
[Site "GUINGAMP"]
[Date "24.??.??"]
[Round "2.2"]
[White "Dumitrache, Dragos-Nicolae"]
[Black "Stets, Dmitry"]
[Result "1-0"]
[WhiteElo "2485"]
[BlackElo "2426"]
[PlyCount "69"]
[EventDate "24.??.??"]
[WhiteTeam "Guingamp"]
[BlackTeam "Niort"]

1. d4 Nf6 2. c4 g6 3. Nc3 Bg7 4. Nf3 O-O 5. Bf4 d6 6. h3 Nbd7 7. e3 b6 8. Be2
Bb7 9. O-O Ne4 10. Nxe4 Bxe4 11. Bh2 Bb7 12. Qa4 e6 13. Nd2 Nf6 14. Bf3 Bxf3
15. Nxf3 Ne4 16. Rad1 Qe8 17. Qxe8 Rfxe8 18. Nd2 Nxd2 19. Rxd2 e5 20. c5 exd4
21. exd4 Re4 22. cxd6 cxd6 23. d5 Be5 24. Rc1 Re8 25. Bxe5 R4xe5 26. Kf1 g5 27.
f3 R8e7 28. Rc8+ Kg7 29. Rd8 Rc7 30. Rxd6 h5 31. Rd8 Rc5 32. b4 Rb5 33. a4 Rxb4
34. d6 Rb1+ 35. Kf2 1-0

[Event "Interclubs Adultes"]
[Site "GUINGAMP"]
[Date "24.??.??"]
[Round "2.3"]
[White "Demuth, Adrien"]
[Black "Terrieux, Kevin"]
[Result "1-0"]
[WhiteElo "2256"]
[BlackElo "2367"]
[PlyCount "65"]
[EventDate "24.??.??"]
[WhiteTeam "Niort"]
[BlackTeam "Guingamp"]

1. d4 Nf6 2. c4 e6 3. Nf3 b6 4. a3 Ba6 5. Qc2 Bb7 6. Nc3 c5 7. e4 cxd4 8. Nxd4
Bc5 9. Nb3 Nc6 10. Bd3 Qb8 11. Qe2 O-O 12. O-O Be7 13. f4 d6 14. Be3 Re8 15.
Nd4 Nxd4 16. Bxd4 e5 17. Be3 exf4 18. Bxf4 Bf8 19. Rae1 Qc8 20. Qc2 Qc5+ 21.
Kh1 Rac8 22. e5 dxe5 23. b4 Qc7 24. Nb5 Qb8 25. Bg3 a6 26. Nd4 Qd6 27. Nf5 Qc7
28. Nh6+ Kh8 29. Rxe5 Rxe5 30. Bxe5 Qe7 31. Bxf6 gxf6 32. Qf2 Rd8 33. Re1 1-0

[Event "Interclubs Adultes"]
[Site "GUINGAMP"]
[Date "24.??.??"]
[Round "2.4"]
[White "Bodenez, Vincent"]
[Black "Tranchant, Sebastien"]
[Result "1/2-1/2"]
[WhiteElo "2182"]
[BlackElo "2247"]
[PlyCount "71"]
[EventDate "24.??.??"]
[WhiteTeam "Guingamp"]
[BlackTeam "Niort"]

1. e4 c5 2. Nf3 d6 3. d4 cxd4 4. Nxd4 Nf6 5. Nc3 a6 6. Be3 e5 7. Nb3 Be7 8. f4
exf4 9. Bxf4 Nc6 10. Qe2 O-O 11. h3 Ne5 12. O-O-O Qc7 13. g4 Be6 14. g5 Nfd7
15. Nd5 Bxd5 16. exd5 Rfe8 17. h4 Nc5 18. Nxc5 Qxc5 19. Bxe5 dxe5 20. Qe4 Rad8
21. Kb1 Qb4 22. c4 Bc5 23. Bd3 g6 24. h5 Bd4 25. Rh2 Rd6 26. Qh4 Re7 27. Qh3
Rc7 28. Rf1 Rb6 29. hxg6 fxg6 30. d6 Qxd6 31. Be4 Bxb2 32. Rxb2 Rxb2+ 33. Kxb2
Qd4+ 34. Ka3 Qc5+ 35. Kb2 Qd4+ 36. Ka3 1/2-1/2

[Event "Interclubs Adultes"]
[Site "GUINGAMP"]
[Date "24.??.??"]
[Round "2.5"]
[White "Alet, Jean-Pierre"]
[Black "Alanic, Xavier"]
[Result "0-1"]
[WhiteElo "2192"]
[BlackElo "2266"]
[PlyCount "124"]
[EventDate "24.??.??"]
[WhiteTeam "Niort"]
[BlackTeam "Guingamp"]

1. d4 g6 2. c3 Bg7 3. e4 d5 4. exd5 Qxd5 5. Nf3 Bg4 6. Be2 Nf6 7. O-O c6 8. h3
Bxf3 9. Bxf3 Qd6 10. Nd2 Nbd7 11. Re1 e6 12. Nc4 Qc7 13. b3 b5 14. Nb2 O-O 15.
Nd3 Rac8 16. Bf4 Qb6 17. Be3 Qc7 18. c4 Rfd8 19. Qc2 Qd6 20. Rad1 a6 21. g3 Qf8
22. Bf4 Ne8 23. Ne5 Nxe5 24. Bxe5 Bxe5 25. Rxe5 Qg7 26. Rc5 Rxd4 27. Rxc6 Rxc6
28. Bxc6 Nd6 29. c5 Nf5 30. Bg2 Rxd1+ 31. Qxd1 Qc3 32. c6 Nd4 33. h4 Nxc6 34.
Qd6 Nb4 35. a3 Nd3 36. Bf1 Nc5 37. b4 Ne4 38. Qxa6 Qd4 39. Qc8+ Kg7 40. Qc2
Nxg3 41. Bxb5 Nf5 42. Be2 Qa1+ 43. Bd1 Qxa3 44. b5 Qb4 45. Qb3 Qe1+ 46. Kg2
Nxh4+ 47. Kh3 Qh1+ 48. Kg4 f5+ 49. Kg3 Qg2+ 50. Kf4 Qe4+ 51. Kg3 g5 52. Qc3+
Kg6 53. f3 Qf4+ 54. Kf2 Qh2+ 55. Ke1 Ng2+ 56. Kd2 Qf4+ 57. Ke2 Qd6 58. Qc6 Nf4+
59. Ke1 Qxc6 60. bxc6 Nd5 61. Bb3 Nc7 62. Ke2 Kf6 0-1

[Event "Interclubs Adultes"]
[Site "GUINGAMP"]
[Date "24.??.??"]
[Round "2.7"]
[White "Voisembert, Alain"]
[Black "Capitaine, Adrien"]
[Result "1-0"]
[WhiteElo "2127"]
[BlackElo "2169"]
[PlyCount "71"]
[EventDate "24.??.??"]
[WhiteTeam "Niort"]
[BlackTeam "Guingamp"]

1. e4 e5 2. Bc4 Nc6 3. Nf3 Bc5 4. c3 Nf6 5. d4 exd4 6. cxd4 Bb4+ 7. Bd2 Bxd2+
8. Nbxd2 d6 9. O-O O-O 10. Qc2 Nh5 11. Rfe1 Nf4 12. Qc3 Qf6 13. Qe3 Re8 14. e5
Qh6 15. g3 Nh3+ 16. Kg2 Qh5 17. Be2 Bg4 18. Rac1 dxe5 19. dxe5 Re7 20. Bb5 Bd7
21. Rc4 h6 22. Bxc6 bxc6 23. Nb3 Be6 24. Rh4 Qg6 25. Nbd4 Ng5 26. Nxe6 Nxe6 27.
Rc4 c5 28. Nh4 Qh5 29. f4 g5 30. fxg5 hxg5 31. Nf5 Rd7 32. h4 Rad8 33. Kh3 Rd2
34. Rg4 R8d3 35. Qe4 Nf4+ 36. Qxf4 1-0

[Event "Interclubs Adultes"]
[Site "GUINGAMP"]
[Date "24.??.??"]
[Round "2.8"]
[White "Le Diouron, Aurelie"]
[Black "Marchais, Aurelie"]
[Result "1/2-1/2"]
[WhiteElo "2022"]
[BlackElo "1777"]
[PlyCount "106"]
[EventDate "24.??.??"]
[WhiteTeam "Guingamp"]
[BlackTeam "Niort"]

1. e4 c6 2. d4 d5 3. Nc3 dxe4 4. Nxe4 Bf5 5. Ng3 Bg6 6. f4 e6 7. Nf3 Nd7 8. Bc4
Ngf6 9. O-O Be7 10. Qe2 O-O 11. Re1 Re8 12. Nh4 Nb6 13. Be3 Nfd5 14. Nxg6 hxg6
15. Bb3 Qc7 16. Rf1 c5 17. c3 Nxe3 18. Qxe3 cxd4 19. cxd4 Red8 20. Ne4 Nd5 21.
Qf3 Qb6 22. Rad1 Nf6 23. Nc3 Rxd4 24. Kh1 Rad8 25. Rxd4 Rxd4 26. Na4 Qc6 27.
Qxc6 bxc6 28. g3 c5 29. Rd1 Kf8 30. Rxd4 cxd4 31. Kg2 Ne4 32. Bc2 Nc5 33. Nxc5
Bxc5 34. Be4 Ke7 35. Kf3 f5 36. Bd3 Kf6 37. Bb5 g5 38. Ke2 gxf4 39. gxf4 g5 40.
fxg5+ Kxg5 41. a3 a5 42. Kd3 e5 43. Kc4 Bb6 44. b4 axb4 45. axb4 e4 46. Bc6 d3
47. Kc3 Bc7 48. h3 Kh4 49. Bd7 f4 50. Bf5 Be5+ 51. Kd2 e3+ 52. Kxd3 Bc7 53. Ke2
Kg3 1/2-1/2

[Event "Interclubs Adultes"]
[Site "DEAUVILLE"]
[Date "25.??.??"]
[Round "3.2"]
[White "Stojanovic, Mihajlo"]
[Black "Nguyen, Thanh-Tong"]
[Result "1-0"]
[WhiteElo "2582"]
[BlackElo "2353"]
[PlyCount "117"]
[EventDate "25.??.??"]
[WhiteTeam "Chalons en Champagne"]
[BlackTeam "Noisy le Grand"]

1. Nf3 Nf6 2. c4 g6 3. Nc3 Bg7 4. g3 O-O 5. Bg2 c6 6. O-O d6 7. d4 Qa5 8. e4
Bg4 9. Qb3 Qc7 10. Be3 Bxf3 11. Bxf3 Nbd7 12. Rad1 e5 13. c5 dxc5 14. dxc5 Rfd8
15. Qc4 Nf8 16. Bg2 Ng4 17. Bc1 Rd4 18. Qe2 Nf6 19. Be3 Rxd1 20. Rxd1 Rd8 21.
Bh3 h6 22. f3 N8h7 23. Rxd8+ Qxd8 24. Qd2 Qxd2 25. Bxd2 Ng5 26. Bxg5 hxg5 27.
Bc8 b6 28. cxb6 axb6 29. Bb7 g4 30. Kg2 gxf3+ 31. Kxf3 Bf8 32. Bxc6 Bc5 33. Nd1
Nh7 34. Bd5 Kf8 35. Ne3 Ke7 36. Nc4 Bd4 37. g4 g5 38. b4 Nf8 39. a4 f6 40. a5
bxa5 41. bxa5 Nd7 42. a6 Nb8 43. Bb7 Kd7 44. Kg3 Kc7 45. h4 gxh4+ 46. Kxh4 Nd7
47. Kh5 Kb8 48. Kg6 Bf2 49. Bc6 Nc5 50. Kxf6 Bh4+ 51. g5 Nxa6 52. Kf5 Bxg5 53.
Kxg5 Kc7 54. Bd5 Nc5 55. Kf5 Nd3 56. Nxe5 Nf2 57. Nc4 Nxe4 58. Bxe4 Kd7 59. Kf6
1-0

[Event "Interclubs Adultes"]
[Site "DEAUVILLE"]
[Date "25.??.??"]
[Round "3.3"]
[White "Onkoud, Abdelaziz"]
[Black "Cossin, Sebastien"]
[Result "1-0"]
[WhiteElo "2396"]
[BlackElo "2437"]
[PlyCount "77"]
[EventDate "25.??.??"]
[WhiteTeam "Noisy le Grand"]
[BlackTeam "Chalons en Champagne"]

1. e4 c5 2. Nf3 d6 3. Bb5+ Bd7 4. Bxd7+ Qxd7 5. O-O Nf6 6. Re1 Nc6 7. b3 e6 8.
Bb2 Be7 9. d4 cxd4 10. Nxd4 O-O 11. c4 d5 12. cxd5 exd5 13. Nf5 Rfd8 14. Nxg7
dxe4 15. Qxd7 Rxd7 16. Nf5 Bb4 17. Rf1 Ng4 18. h3 Nge5 19. a3 Ba5 20. b4 Bb6
21. Nc3 Bd4 22. Nxd4 Rxd4 23. Na4 Rc4 24. Nc5 b6 25. Nb7 Nd3 26. Bf6 Rc2 27.
Nd6 $11 Re2 28. Rad1 Ra2 29. Ra1 Re2 30. Rad1 a5 31. f3 axb4 32. fxe4 Nce5 33.
Rf5 bxa3 34. Rg5+ Kf8 35. Rg7 Nb2 36. Rxh7 Ng6 37. Rxf7+ Kg8 38. Rg7+ Kf8 39.
Rf1 1-0

[Event "Interclubs Adultes"]
[Site "DEAUVILLE"]
[Date "25.??.??"]
[Round "3.4"]
[White "Del Rio Angelis, Salvador G"]
[Black "Tissir, Mohamed"]
[Result "0-1"]
[WhiteElo "2512"]
[BlackElo "2444"]
[PlyCount "72"]
[EventDate "25.??.??"]
[WhiteTeam "Chalons en Champagne"]
[BlackTeam "Noisy le Grand"]

1. d4 Nf6 2. c4 c5 3. d5 b5 4. Nf3 g6 5. cxb5 a6 6. Nc3 axb5 7. d6 Qa5 8. Nd2
exd6 9. a4 Be7 10. Nxb5 O-O 11. e3 Bb7 12. f3 Re8 13. Kf2 d5 14. b4 cxb4 15.
Nb3 Qd8 16. Bb2 Nc6 17. g4 d6 18. g5 Nh5 19. h4 Bf8 20. Bg2 Qe7 21. Qd2 Ne5 22.
Bd4 Bg7 23. Rhe1 Rac8 24. Bh3 Nxf3 25. Qe2 (25. Kxf3 Qe4+ 26. Kf2 (26. Ke2 Nf4+
) 26... Rc2) 25... Nxd4 26. N3xd4 Rc4 27. Bg4 Qe5 28. Bxh5 Qh2+ 29. Kf1 Qh1+
30. Kf2 Qxh4+ 31. Kg2 Bxd4 32. Nxd4 Rxd4 33. exd4 Rxe2+ 34. Bxe2 Qxg5+ 35. Kf2
Qf4+ 36. Kg2 Qd2 0-1

[Event "Interclubs Adultes"]
[Site "DEAUVILLE"]
[Date "25.??.??"]
[Round "3.5"]
[White "Verdier, Patrice"]
[Black "Belkhodja, Slim"]
[Result "0-1"]
[WhiteElo "2289"]
[BlackElo "2478"]
[PlyCount "62"]
[EventDate "25.??.??"]
[WhiteTeam "Noisy le Grand"]
[BlackTeam "Chalons en Champagne"]

1. d4 d6 2. Nf3 Nf6 3. c4 g6 4. g3 Bg7 5. Bg2 O-O 6. O-O Nbd7 7. b3 e5 8. dxe5
dxe5 9. Bb2 e4 10. Ne1 b6 11. Nc2 Bb7 12. f4 exf3 13. Bxf3 Bxf3 14. exf3 Nc5
15. Nd4 Re8 16. b4 Ne6 17. Nc6 Qxd1 18. Rxd1 Ng5 19. Nd4 Rad8 20. Na3 Rxd4 21.
Bxd4 Nxf3+ 22. Kf1 Nxh2+ 23. Kg2 Re2+ 24. Kh3 Nf3 25. Bxf6 Bxf6 26. Rac1 Ng5+
27. Kh4 Re4+ 28. g4 Re3 29. Rh1 Ne6+ 30. g5 Bxg5+ 31. Kg4 f5# 0-1

[Event "Interclubs Adultes"]
[Site "DEAUVILLE"]
[Date "25.??.??"]
[Round "3.6"]
[White "Karim, Ismael"]
[Black "Battaglini, Gabriel"]
[Result "1/2-1/2"]
[WhiteElo "2366"]
[BlackElo "2295"]
[PlyCount "68"]
[EventDate "25.??.??"]
[WhiteTeam "Chalons en Champagne"]
[BlackTeam "Noisy le Grand"]

1. e4 e6 2. d4 d5 3. Nc3 Nf6 4. Bg5 dxe4 5. Nxe4 Be7 6. Bxf6 gxf6 7. Qd3 a6 8.
O-O-O b5 9. Qf3 Ra7 10. d5 e5 11. Ng3 c6 12. d6 Bf8 13. Bd3 Be6 14. Nh5 Nd7 15.
Bf5 Bh6+ 16. Kb1 O-O 17. Qg4+ Kh8 18. Bxe6 fxe6 19. Qxe6 Nc5 20. Qg4 Rd7 21.
Ng3 Rg8 22. Qf3 Rxd6 23. Rxd6 Qxd6 24. Nf5 Qd2 25. Ne2 Bf8 26. Qxc6 Qxe2 27.
Qxf6+ Bg7 28. Nxg7 Ne4 29. Qe7 Rxg7 30. Qe8+ Rg8 31. Qxe5+ Rg7 32. Qe8+ Rg8 33.
Qe5+ Rg7 34. Qe8+ Rg8 1/2-1/2

[Event "Interclubs Adultes"]
[Site "DEAUVILLE"]
[Date "25.??.??"]
[Round "3.7"]
[White "Haik, Aldo"]
[Black "Dourerassou, Jonathan"]
[Result "1/2-1/2"]
[WhiteElo "2381"]
[BlackElo "2371"]
[PlyCount "103"]
[EventDate "25.??.??"]
[WhiteTeam "Noisy le Grand"]
[BlackTeam "Chalons en Champagne"]

1. d4 Nf6 2. c4 g6 3. Nc3 d5 4. e3 Bg7 5. Bd2 O-O 6. Rc1 c5 7. dxc5 Nc6 8. Nf3
Bg4 9. cxd5 Nxd5 10. a3 Ne5 11. Be2 Bxf3 12. gxf3 Nxc3 13. Bxc3 Qc7 14. b4 Rfd8
15. Qc2 a5 16. O-O axb4 17. axb4 Qc6 18. Kg2 Qe6 19. Rfd1 Rxd1 20. Rxd1 Ra2 21.
Rd8+ Bf8 22. Qe4 Nc6 23. Qxe6 fxe6 24. Bc4 Rxf2+ 25. Kxf2 Nxd8 26. b5 Kf7 27.
Bd3 e5 28. Be4 Ke8 29. c6 bxc6 30. bxc6 Ne6 31. Bxe5 Kd8 32. Bd3 Nc7 33. f4 e6
34. Bc4 Bc5 35. Kf3 Bb6 36. Bf6+ Ke8 37. e4 Kf7 38. Bc3 Ke7 39. Bb4+ Kf7 40.
Kg4 Kf6 41. Bd6 Ne8 42. Be5+ Ke7 43. Kg5 Nd6 44. Bxd6+ Kxd6 45. Kf6 Be3 46.
Bxe6 Bxf4 47. h3 Be5+ 48. Kf7 Kxc6 49. Ke7 Kc5 50. Bg8 Kd4 51. Bxh7 Kxe4 52.
Bxg6+ 1/2-1/2

[Event "Interclubs Adultes"]
[Site "DEAUVILLE"]
[Date "25.??.??"]
[Round "3.8"]
[White "Griffe, Delphine"]
[Black "Tatard, Marie"]
[Result "0-1"]
[WhiteElo "1728"]
[BlackElo "1905"]
[PlyCount "74"]
[EventDate "25.??.??"]
[WhiteTeam "Chalons en Champagne"]
[BlackTeam "Noisy le Grand"]

1. e4 e6 2. d3 d5 3. Nd2 c5 4. g3 Nc6 5. Bg2 Nf6 6. Ngf3 Be7 7. O-O O-O 8. Re1
Qc7 9. Nf1 Rd8 10. e5 Nd7 11. Bf4 Nf8 12. g4 Ng6 13. Bg3 b5 14. h4 Bb7 15. h5
Nf8 16. Qd2 d4 17. N1h2 Nb4 18. g5 Nd5 19. Ng4 Rdc8 20. Rac1 Qd8 21. Bf4 Nxf4
22. Qxf4 Bxf3 23. Nf6+ Bxf6 24. gxf6 Bxh5 25. Bxa8 Rxa8 26. fxg7 Kxg7 27. Kh2
Nd7 28. Qg3+ Bg6 29. f4 Qe7 30. c3 Nb6 31. Re2 Nd5 32. cxd4 cxd4 33. Rec2 Ne3
34. Rc7 Qxc7 35. Rxc7 Nf1+ 36. Kg2 Nxg3 37. Kxg3 Bxd3 0-1

[Event "Interclubs Adultes"]
[Site "DEAUVILLE"]
[Date "25.??.??"]
[Round "3.1"]
[White "Colin, Vincent"]
[Black "Gharamian, Tigran"]
[Result "1/2-1/2"]
[WhiteElo "2399"]
[BlackElo "2557"]
[PlyCount "149"]
[EventDate "25.??.??"]
[WhiteTeam "Deauville"]
[BlackTeam "Cappelle la Grande"]

1. c4 Nf6 2. Nc3 c5 3. Nf3 e6 4. e3 b6 5. d4 cxd4 6. exd4 Bb7 7. Bd3 Be7 8. O-O
d5 9. cxd5 Nxd5 10. Ne5 O-O 11. Qh5 g6 12. Qh3 Nc6 13. Nxc6 Bxc6 14. Bh6 Re8
15. Rac1 Nxc3 16. Rxc3 Qd7 17. Rfc1 Rac8 18. Ba6 Bb7 19. Bxb7 Qxb7 20. d5 Bc5
21. Qh4 exd5 22. Qf6 Bf8 23. Bxf8 Rxf8 24. h4 Rxc3 25. Rxc3 Re8 26. h5 Qe7 27.
Qxe7 Rxe7 28. h6 f6 29. Rc6 Re1+ 30. Kh2 Kf7 31. Rd6 g5 32. Rxd5 Re2 33. Kg3
Kg6 34. Rd7 a5 35. b3 Rxa2 36. Rg7+ Kxh6 37. Rb7 Kg6 38. Rxb6 h5 39. f3 h4+ 40.
Kh2 Kf5 41. b4 a4 42. Ra6 Ke5 43. b5 f5 44. b6 Rb2 45. Rxa4 Rxb6 46. Ra5+ Kf4
47. Ra4+ Ke5 48. Ra5+ Kf6 49. Ra4 Rd6 50. Rb4 Ke5 51. Ra4 Rd4 52. Ra5+ Rd5 53.
Ra4 Rd6 54. Ra5+ Kf6 55. Ra4 Kg6 56. Rb4 Kh5 57. Rb5 Kg6 58. Rb4 Kf6 59. Ra4
Ke5 60. Ra5+ Rd5 61. Ra4 Rd4 62. Ra5+ Kf4 63. Ra3 Rb4 64. Rc3 Ke5 65. Rc5+ Kf4
66. Rc3 Rb5 67. Ra3 Rb4 68. Rc3 g4 69. fxg4 fxg4 70. g3+ hxg3+ 71. Rxg3 Rb2+
72. Rg2 g3+ 73. Kh1 Rf2 74. Rxf2+ gxf2 75. Kg2 1/2-1/2

[Event "Interclubs Adultes"]
[Site "DEAUVILLE"]
[Date "25.??.??"]
[Round "3.2"]
[White "Winants, Luc"]
[Black "Tirard, Hugo"]
[Result "1-0"]
[WhiteElo "2504"]
[BlackElo "2491"]
[PlyCount "105"]
[EventDate "25.??.??"]
[WhiteTeam "Cappelle la Grande"]
[BlackTeam "Deauville"]

1. d4 Nf6 2. Nf3 c5 3. e3 g6 4. c4 Bg7 5. Nc3 O-O 6. d5 e6 7. Be2 d6 8. Nd2
Nbd7 9. O-O e5 10. Rb1 Ne8 11. b4 cxb4 12. Rxb4 Nc5 13. Na4 b6 14. e4 Bd7 15.
Nxc5 dxc5 16. Rb1 Nd6 17. Bb2 Qe7 18. a4 f5 19. Bd3 Bh6 20. Re1 Bxa4 21. Qxa4
Bxd2 22. Re2 fxe4 23. Bxe4 Qh4 24. Qc2 Nxe4 25. Qxe4 Qxe4 26. Rxe4 Rf4 27. Re2
Bb4 28. Rc1 a5 29. Bxe5 Rf7 30. f4 a4 31. Kf2 a3 32. Ra2 Rd7 33. Kf3 Ra4 34. g4
Ba5 35. d6 Rb7 36. h4 b5 37. cxb5 Rxb5 38. g5 c4 39. Kg4 Rd5 40. h5 gxh5+ 41.
Kf5 Kf7 42. Rh1 Bc3 43. Rxh5 Bxe5 44. fxe5 Kg8 45. g6 c3 46. gxh7+ Kh8 47. Rg2
Ra8 48. Rhg5 Rf8+ 49. Ke6 Rd2 50. Rg1 c2 51. Rg8+ Kxh7 52. Rxf8 Rd1 53. Rc8 1-0

[Event "Interclubs Adultes"]
[Site "DEAUVILLE"]
[Date "25.??.??"]
[Round "3.3"]
[White "Geenen, Marc"]
[Black "Jossien, Arnaud"]
[Result "1/2-1/2"]
[WhiteElo "2293"]
[BlackElo "2384"]
[PlyCount "29"]
[EventDate "25.??.??"]
[WhiteTeam "Deauville"]
[BlackTeam "Cappelle la Grande"]

1. e4 d6 2. Nc3 g6 3. d4 Bg7 4. f4 Nd7 5. Nf3 a6 6. e5 b5 7. Ng5 Nb6 8. e6 Bxe6
9. Nxe6 fxe6 10. a4 c6 11. g3 Nh6 12. Bg2 Nd5 13. Ne4 Nf5 14. c3 O-O 15. Ng5
1/2-1/2

[Event "Interclubs Adultes"]
[Site "DEAUVILLE"]
[Date "25/11/2007"]
[Round "3.4"]
[White "Carlier, Bruno"]
[Black "Godard, Maxence"]
[Result "1-0"]
[WhiteElo "2398"]
[BlackElo "2329"]
[WhiteTeam "Cappelle la Grande"]
[BlackTeam "Deauville"]

1. Nf3 b6 2. e4 Bb7 3. d3 e6 4. g3 d6 5. Bg2 Nd7 6. O-O Ngf6 7. Nc3 a6 8. Nd2
c5 9. a4 Qc7 10. Nc4 Be7 11. Ne3 h5 12. f4 h4 13. g4 h3 14. Bh1 g5 15. e5 Nh7
16. exd6 Bxd6 17. Bxb7 Qxb7 18. Ne4 Bc7 19. Nc4 Qd5 20. fxg5 O-O-O 21. Qf3 Ne5
22. Nxe5 Bxe5 23. Be3 Bd4 24. Kh1 Rhg8 25. Bd2 Rg7 26. c4 Qc6 27. a5 Nf8 28.
axb6 Ng6 29. Nf6 Qxf3+ 30. Rxf3 Kb7 31. Rxh3 Ne5 32. Ra2 Nc6 33. Rf3 Bxf6 34.
gxf6 Rxg4 35. Bc3 e5 36. Ra1 Nd4 37. Bxd4 Rgxd4 38. Re1 1-0

[Event "Interclubs Adultes"]
[Site "DEAUVILLE"]
[Date "25.??.??"]
[Round "3.5"]
[White "Amoyal, Pierre"]
[Black "Marchyllie, Bruno"]
[Result "1-0"]
[WhiteElo "2195"]
[BlackElo "2180"]
[PlyCount "81"]
[EventDate "25.??.??"]
[WhiteTeam "Deauville"]
[BlackTeam "Cappelle la Grande"]

1. d4 Nf6 2. c4 e6 3. Nf3 b6 4. a3 Bb7 5. Nc3 Be7 6. d5 O-O 7. g3 d6 8. Bg2 e5
9. b4 a5 10. Bb2 Na6 11. Qb3 Ng4 12. O-O f5 13. e3 Qe8 14. h3 Nh6 15. Ne2 Qh5
16. Rae1 g5 17. c5 bxc5 18. Nxe5 cxb4 19. Nc6 Nc5 20. Nxe7+ Kf7 21. Qc2 Kxe7
22. axb4 axb4 23. Bd4 Na6 24. Bg7 Rf7 25. Bxh6 Qxh6 26. Nd4 Qg6 27. Ne6 Nc5 28.
Nxc5 dxc5 29. d6+ cxd6 30. Bxb7 Ra3 31. Bd5 Rf8 32. Rd1 Qf6 33. e4 Rb8 34. exf5
b3 35. Rfe1+ Kf8 36. Qd3 Rb4 37. Re6 Qd4 38. Qe2 Qxd1+ 39. Qxd1 b2 40. Ba2 Rd4
41. Qh5 1-0

[Event "Interclubs Adultes"]
[Site "DEAUVILLE"]
[Date "25.??.??"]
[Round "3.6"]
[White "Jossien, Remy"]
[Black "Fruteau, Sabine"]
[Result "1-0"]
[WhiteElo "2257"]
[BlackElo "2169"]
[PlyCount "55"]
[EventDate "25.??.??"]
[WhiteTeam "Cappelle la Grande"]
[BlackTeam "Deauville"]

1. d4 d5 2. Nc3 Nf6 3. Bg5 g6 4. Qd2 Bg7 5. f3 c6 6. e4 O-O 7. e5 Ne8 8. h4 f6
9. exf6 exf6 10. Be3 Nd6 11. O-O-O b5 12. h5 Rf7 13. hxg6 hxg6 14. g4 Nd7 15.
Qh2 Nf8 16. Bf4 Nc4 17. Bd3 f5 18. Nh3 Ne6 19. gxf5 Nxf4 20. Nxf4 Qf6 21. Nxg6
Rb7 22. Rde1 Nxb2 23. Kxb2 Qxd4 24. Qh7+ Kf7 25. Ne5+ Kf8 26. Rh4 Qc5 27. f6 b4
28. Ng6+ 1-0

[Event "Interclubs Adultes"]
[Site "DEAUVILLE"]
[Date "25.??.??"]
[Round "3.8"]
[White "Couche, Didier"]
[Black "Helie, Marc"]
[Result "1-0"]
[WhiteElo "2121"]
[BlackElo "2142"]
[PlyCount "93"]
[EventDate "25.??.??"]
[WhiteTeam "Cappelle la Grande"]
[BlackTeam "Deauville"]

1. d4 Nf6 2. c4 g6 3. Nc3 d6 4. e4 Bg7 5. f4 O-O 6. Nf3 Na6 7. Bd3 e5 8. fxe5
dxe5 9. d5 Qe7 10. O-O Nc5 11. Bc2 a5 12. Bg5 h6 13. Bh4 g5 14. Bg3 Bg4 15. Qd2
Nh5 16. Bf2 Nf4 17. Ne1 Rad8 18. Nd3 Ncxd3 19. Bxd3 b6 20. Rad1 Rd7 21. Be2
Nxe2+ 22. Nxe2 f5 23. h3 Bxe2 24. Qxe2 fxe4 25. Qxe4 Rf4 26. Qe2 Qe8 27. Be3
Rxf1+ 28. Rxf1 Rf7 29. b3 e4 30. Rxf7 Qxf7 31. Qg4 Qe7 32. Qc8+ Kh7 33. Qf5+
Kg8 34. Kf2 Qa3 35. Qe6+ Kh8 36. Qe8+ Qf8+ 37. Qxf8+ Bxf8 38. Bd4+ Kg8 39. Ke3
Kf7 40. Kxe4 Ke8 41. Kf5 Kd7 42. g4 c6 43. Bxb6 a4 44. dxc6+ Kxc6 45. Bd4 a3
46. Ke6 Bb4 47. Bg7 1-0

[Event "Interclubs Adultes"]
[Site "DEAUVILLE"]
[Date "25.??.??"]
[Round "3.1"]
[White "David, Alberto"]
[Black "Komarov, Dimitri"]
[Result "1/2-1/2"]
[WhiteElo "2536"]
[BlackElo "2533"]
[PlyCount "47"]
[EventDate "25.??.??"]
[WhiteTeam "Clichy II"]
[BlackTeam "Drancy"]

1. e4 e6 2. d4 d5 3. Nc3 Nf6 4. e5 Nfd7 5. f4 c5 6. Nf3 Nc6 7. Be3 Be7 8. Qd2
O-O 9. Be2 a6 10. O-O b5 11. a3 Qb6 12. Kh1 cxd4 13. Nxd4 Bc5 14. Rfd1 Bb7 15.
Bf3 Bxd4 16. Bxd4 Nxd4 17. Qxd4 Qxd4 18. Rxd4 g5 19. g3 gxf4 20. gxf4 f6 21.
exf6 Rxf6 22. Re1 Raf8 23. Bg2 Kh8 24. f5 1/2-1/2